Title in the Lyrics - Lady Gaga Songs - Statistics

General Stats
  • This quiz has been taken 119 times
  • The average score is 19 of 30
Answer Stats
Song Lyric % Correct
Check this hand 'cause I'm marvelous / Can't read my, can't read my / No, he can't read my {Poker} {Face} / (She's got me like nobody)
95%
Don't call my name, don't call my name, {Alejandro} / I'm not your babe, I'm not your babe, Fernando
95%
Ra-ra-ah-ah-ah / Roma-roma-ma / Gaga, "Ooh la-la" / Want your {Bad} {Romance} / I want your horror, I want your design
89%
I'm beautiful in my way / 'Cause God makes no mistakes / I'm on the right track, baby / I was {Born} {This} {Way}
86%
I'm your biggest fan, I'll follow you until you love me / Papa-{Paparazzi} / Baby, there's no other superstar, you know that I'll be
86%
Let's play a {Love} {game}, play a {Love} {game} / Do you want love or you want fame? / Are you in the game?
84%
I'll never meet the ground / Crash through the surface where they can't hurt us / We're far from the {Shallow} now
83%
I'm just a Holy Fool, oh baby / It's so cruel, but I'm still in love with {Judas}, baby / I'm just a Holy Fool, oh baby
76%
I can't remember, but it's alright, a-alright / {Just} {Dance} / Gonna be okay, da-da-doo-doot-n / {Just} {Dance}
73%
I'm on {The} {Edge} {Of} {Glory} / And I'm hangin' on a moment of truth / Out on {The} {Edge} {Of} {Glory} / And I'm hangin' on a moment with you
73%
Can call all you want but there's no one home / And you're not gonna reach my {Telephone} (No)
71%
I'd wanna hold you just for a while / And {Die} {With} {A} {Smile} / If the world was ending / I'd wanna be next to you
70%
Pop culture was in art, now art's in pop culture, in me / I live for the {Applause}, {Applause}, {Applause}
70%
Lord, show me the way / To cut through all his worn out leather / I've got a hundred {Million} {Reasons} to walk away
68%
He ate my heart, he ate my heart / Instead, he's a {Monster} in my bed / He ate my heart, he ate my heart
66%
It's coming down on me / Water like misery / It's coming down on me / I'm ready, {Rain} {On} {Me}
63%
I won't crucify the things you do / I won't cry for you / See (see), when you're gone, I'll still be {Bloody} {Mary} / Love / Gaga, Gaga
63%
With a haunting dance, now you're both in a trance / It's time to cast your spell on the night / {Abracadabra}, amor-ooh-na-na
63%
When the sun goes down / And the band won't play / I'll {Always} {Remember} [Us} {This} {Way} / When you look at me
48%
Caught up in your show / Yeah, at least now I know / It wasn't love, it wasn't love / It was a {Perfect} {Illusion}
47%
And my lipstick on your face / Something, something about my cool Nebraska guy / Yeah, there's something about, baby, {You} {And} {I}
45%
Could we fix you if you broke? / And is your punch line just a joke? / I'll never talk again / Oh, boy, you've left me {Speechless}
45%
I will be right by your side / If I can't find {The} {Cure}, I'll / I'll fix you with my love / No matter what you do, I'll
42%
(Tell 'em, girls) / Baby loves to {Dance} {In} {The} {Dark} / 'Cause when he's looking, she falls apart
42%
You can't have my heart, and you won't use my mind / But {Do} {What} {You} {Want} with my body
40%
But don't you let go of my hand /You can cry every last tear / I won't leave 'til I understand / Promise you'll just {Hold} {My} {Hand}
38%
Hey yeah, hey yeah (Ooh-ooh) / Hey yeah, hey yeah, hey yeah (Hey yeah, hey yeah) / I want your {Stupid} {Love}, love
38%
I'll hold my whiskey up high, kiss the bartender twice, I'm a loser / I'm gonna {Marry} {The} {Night}
38%
Come on, {Sour} {Candy} (Oh) / I'm hard on the outside / But if you give me time / Then I could make time for your love
32%
I'm sorry, and I love you / Sing with me, "Bell Bottom Blue" / I'll keep on searching for an answer, 'cause I need you more than {Dope}
31%
No matching quizzes found
Score Distribution
Percent of People with Each Score
Percentile by Number Answered
Your Score History
You have not taken this quiz